| 000 | 00854cam a2200229 a 4500 | ||
|---|---|---|---|
| 020 | _a0679720197 : | ||
| 082 | 0 | 0 |
_a909.82 _bKEN _cMCE, L-30, p-185 |
| 100 | 1 |
_aKennedy, Paul M., _91495 |
|
| 245 | 1 | 4 |
_aThe rise and fall of the great powers : _beconomic change and military conflict from 1500 to 2000 / _cby Paul Kennedy. |
| 250 | _a1st Vintage Books ed. | ||
| 260 |
_aNew York : _bVintage Books, _c1989, c1987. |
||
| 300 |
_axxv, 677 p. : _bmaps ; _c21 cm. |
||
| 500 | _aIncludes index. | ||
| 526 |
_a0 _b0 _c0 _d909_820000000000000_KEN |
||
| 650 | 0 |
_aBalance of power. _936712 |
|
| 650 | 0 | _aEconomic history. | |
| 650 | 0 |
_aHistory, Modern. _936713 |
|
| 650 | 0 |
_aMilitary history, Modern. _936714 |
|
| 650 | 0 |
_aMilitary readiness _xEconomic aspects. _936715 |
|
| 856 | 4 | 2 | _uhttp://www.loc.gov/catdir/description/random042/88040123.html |
| 942 |
_2ddc _cBK |
||
| 999 |
_c541703 _d541703 |
||